Možnosti využitia cloudových služieb

Na minha lista:
Detalhes bibliográficos
Autor principal: Tarča, Alexander
Formato: Capítulo de Livro
Idioma:eslovaco
Assuntos:
Tags: Adicionar Tag
Sem tags, seja o primeiro a adicionar uma tag!

MARC

LEADER 00000nla a2200000 4500
001 0215593
005 20240502073609.9
041 0 |a slo 
044 |a SK 
245 1 0 |a Možnosti využitia cloudových služieb  |c Alexander Tarča 
500 |a Abstrakt 
610 2 0 |a systémy ekonomické 
610 2 0 |a cloud computing 
610 2 0 |a služby 
610 2 0 |a zákazníci 
100 1 |a Tarča, Alexander